[Event "22. Torneo San Viator"]
[Site "Madrid ESP"]
[Date "2014.06.01"]
[Round "9.35"]
[White "Valdes Sanchez, Jesus Manuel"]
[Black "Insua Rodriguez, Antonio"]
[Result "1-0"]
[WhiteElo "1569"]
[BlackElo "1497"]
[PlyCount "53"]
[EventDate "2014.03.23"]
[EventType "swiss"]
[EventRounds "9"]
[EventCountry "ESP"]
[SourceTitle "Ajedrez en Madrid"]
[Source "lmi"]
[SourceDate "2014.03.23"]
[SourceVersion "1"]
[SourceVersionDate "2014.07.21"]
[SourceQuality "1"]

1. e4 e6 2. Nc3 d5 3. exd5 exd5 4. Nf3 Nc6 5. d4 Bf5 6. Bf4 Bd6 7. Nxd5 Bxf4 8.
Nxf4 Qe7+ 9. Qe2 O-O-O 10. Qxe7 Ngxe7 11. c3 Nd5 12. Nxd5 Rxd5 13. Bc4 Re8+ 14.
Kd2 Rd7 15. Rhe1 Rde7 16. Ng5 f6 17. Nf3 a6 18. a4 Rd8 19. Rxe7 Nxe7 20. Re1
Kd7 21. Nh4 Rb8 22. Nxf5 Nxf5 23. Be6+ Kd6 24. Bxf5 b5 25. Re6+ Kd5 26. Kd3
bxa4 27. c4# 1-0

[Event "22. Torneo San Viator"]
[Site "Madrid ESP"]
[Date "2014.06.01"]
[Round "9.36"]
[White "Jaumandreu Llopis, Antonio"]
[Black "Jimenez Gallego, Rafael"]
[Result "0-1"]
[WhiteElo "1563"]
[BlackElo "1455"]
[PlyCount "102"]
[EventDate "2014.03.23"]
[EventType "swiss"]
[EventRounds "9"]
[EventCountry "ESP"]
[SourceTitle "Ajedrez en Madrid"]
[Source "lmi"]
[SourceDate "2014.03.23"]
[SourceVersion "1"]
[SourceVersionDate "2014.07.21"]
[SourceQuality "1"]

1. e4 e5 2. Bc4 Nf6 3. d3 Bc5 4. Nf3 d6 5. O-O Bg4 6. Bg5 c6 7. Nbd2 O-O 8. Qe2
Nbd7 9. a3 h6 10. Bh4 Qe8 11. Rfe1 b5 12. Ba2 Be6 13. Bxe6 Qxe6 14. Nb3 Bb6 15.
d4 Rfe8 16. dxe5 Nxe5 17. Bxf6 Qxf6 18. Nbd2 Nxf3+ 19. Nxf3 Qxb2 20. Qd3 Qf6
21. Rad1 Rad8 22. c4 a6 23. Rb1 Bc5 24. Re2 Rb8 25. Rbe1 Rbd8 26. Kf1 Qe6 27.
cxb5 cxb5 28. Nd4 Qe5 29. Nf3 Qf6 30. g3 Bb6 31. Kg2 Rc8 32. Rc2 Rxc2 33. Qxc2
Ba5 34. Rc1 Ra8 35. Qc6 Qd8 36. Nd4 Ra7 37. Qd5 Qa8 38. Qxd6 Qxe4+ 39. f3 Qe7
40. Qxe7 Rxe7 41. Nc6 Rc7 42. Kf1 Bb6 43. Ke2 Bg1 44. Rxg1 Rxc6 45. Kd3 Kf8 46.
Re1 Rc5 47. h4 a5 48. Kd4 Rc4+ 49. Kd3 Ra4 50. Ra1 b4 51. Kc4 Rxa3 0-1

[Event "22. Torneo San Viator"]
[Site "Madrid ESP"]
[Date "2014.06.01"]
[Round "9.37"]
[White "Santos Valdivia, Victor Manuel"]
[Black "Gonzalez Reyes, Felix"]
[Result "1/2-1/2"]
[WhiteElo "1512"]
[BlackElo "1561"]
[PlyCount "58"]
[EventDate "2014.03.23"]
[EventType "swiss"]
[EventRounds "9"]
[EventCountry "ESP"]
[SourceTitle "Ajedrez en Madrid"]
[Source "lmi"]
[SourceDate "2014.03.23"]
[SourceVersion "1"]
[SourceVersionDate "2014.07.21"]
[SourceQuality "1"]

1. e4 d5 2. exd5 Qxd5 3. Nc3 Qd8 4. Nf3 Bg4 5. Bc4 e6 6. d3 Bb4 7. Bd2 Nf6 8.
h3 Bh5 9. a3 Be7 10. Qe2 Nbd7 11. Ne4 h6 12. Bc3 c6 13. Qe3 Bg6 14. Nfd2 O-O
15. Bb4 Nd5 16. Bxe7 Qxe7 17. Qg3 N7b6 18. Ba2 Rad8 19. O-O f5 20. Nc3 Qf6 21.
Nxd5 Nxd5 22. b3 Rc8 23. Rac1 Qb2 24. Qxg6 Rf6 25. Qg3 Qxa2 26. Nf3 f4 27. Qg4
Rcf8 28. Rfe1 Re8 29. Re2 Qxa3 1/2-1/2

[Event "22. Torneo San Viator"]
[Site "Madrid ESP"]
[Date "2014.06.01"]
[Round "9.38"]
[White "Gutierrez Chamorro, Alejandro"]
[Black "Barragan Arriaza, Pablo"]
[Result "1/2-1/2"]
[WhiteElo "1555"]
[BlackElo "1361"]
[PlyCount "102"]
[EventDate "2014.03.23"]
[EventType "swiss"]
[EventRounds "9"]
[EventCountry "ESP"]
[SourceTitle "Ajedrez en Madrid"]
[Source "lmi"]
[SourceDate "2014.03.23"]
[SourceVersion "1"]
[SourceVersionDate "2014.07.21"]
[SourceQuality "1"]

1. e4 d6 2. d4 Nf6 3. Nc3 g6 4. h3 Bg7 5. Be3 O-O 6. Be2 Nbd7 7. f4 e5 8. fxe5
dxe5 9. d5 Qe7 10. a3 a5 11. Nf3 Nh5 12. O-O Ng3 13. Rf2 Nxe2+ 14. Qxe2 b6 15.
Rd1 Nf6 16. Bg5 h6 17. Bc1 Ba6 18. Qe1 b5 19. Na2 Rfb8 20. b4 a4 21. Bb2 Nh7
22. Nc1 f6 23. Nd3 g5 24. Nh2 h5 25. Nf1 h4 26. Ne3 Bc8 27. Qe2 Bd7 28. Rdf1
Rf8 29. Nc5 Rab8 30. Nf5 Bxf5 31. Rxf5 Rfe8 32. Bc1 Ra8 33. Be3 Rab8 34. Ne6 c6
35. Bc5 Qd7 36. c4 bxc4 37. Qxc4 cxd5 38. Qxd5 Qxd5 39. exd5 Rb7 40. Rd1 Rd7
41. Rf2 Kf7 42. Rfd2 Nf8 43. Nxf8 Bxf8 44. Kf2 Rc8 45. Rc2 f5 46. Ke3 Bg7 47.
Rf2 Kg6 48. Rdf1 Rf8 49. Bxf8 Bxf8 50. Rxf5 Bh6 51. Rf6+ Kg7 1/2-1/2

[Event "22. Torneo San Viator"]
[Site "Madrid ESP"]
[Date "2014.06.01"]
[Round "9.42"]
[White "Diaz Del Prado, Carlos"]
[Black "Garcia Carcedo, Jesus"]
[Result "0-1"]
[WhiteElo "1224"]
[BlackElo "1778"]
[PlyCount "42"]
[EventDate "2014.03.23"]
[EventType "swiss"]
[EventRounds "9"]
[EventCountry "ESP"]
[SourceTitle "Ajedrez en Madrid"]
[Source "lmi"]
[SourceDate "2014.03.23"]
[SourceVersion "1"]
[SourceVersionDate "2014.07.21"]
[SourceQuality "1"]

1. e4 e6 2. Nc3 d5 3. exd5 exd5 4. Nf3 Nf6 5. d4 Bd6 6. g3 O-O 7. Bg2 Re8+ 8.
Be3 c6 9. O-O Bg4 10. Qd2 Nbd7 11. Rfe1 Ne4 12. Nxe4 dxe4 13. Ne5 Nxe5 14. dxe5
Rxe5 15. Bf4 Rd5 16. Qc1 Bf3 17. Bxd6 Qxd6 18. Bxf3 exf3 19. Rd1 Rd8 20. Re1
Rd2 21. Rf1 Qd7 0-1

[Event "22. Torneo San Viator"]
[Site "Madrid ESP"]
[Date "2014.06.01"]
[Round "9.43"]
[White "Gonzalez Hilla, Antonio"]
[Black "Lopez Mijail, Nicolas"]
[Result "1-0"]
[WhiteElo "1575"]
[BlackElo "1389"]
[PlyCount "100"]
[EventDate "2014.03.23"]
[EventType "swiss"]
[EventRounds "9"]
[EventCountry "ESP"]
[SourceTitle "Ajedrez en Madrid"]
[Source "lmi"]
[SourceDate "2014.03.23"]
[SourceVersion "1"]
[SourceVersionDate "2014.07.21"]
[SourceQuality "1"]

1. b3 Nf6 2. Bb2 g6 3. Nc3 Bg7 4. e3 O-O 5. Bc4 d5 6. Bd3 c5 7. f4 Nc6 8. Bb5
Bf5 9. Bxc6 bxc6 10. Nf3 Nd7 11. Rb1 Rb8 12. h3 h5 13. Nh4 Be6 14. g4 hxg4 15.
hxg4 d4 16. Ne2 Bxg4 17. Rg1 Bh5 18. e4 e6 19. Ng2 Nf6 20. d3 Qa5+ 21. Kf2 Ng4+
22. Kf1 Nh2+ 23. Kf2 Nf3 24. Rh1 Qxa2 25. Rxh5 gxh5 26. Kxf3 f5 27. e5 Kf7 28.
Ng3 Rh8 29. Nh4 Bf8 30. Qc1 Qa5 31. Ra1 Qc7 32. Qd2 Qd7 33. Qa5 Qd5+ 34. Kf2
Rb7 35. Qd2 Be7 36. Nf3 h4 37. Ne2 h3 38. Rh1 Bh4+ 39. Ng3 Bxg3+ 40. Kxg3 Ke8
41. Rh2 Rg7+ 42. Ng5 Rhg8 43. Rxh3 Rxg5+ 44. fxg5 Qxe5+ 45. Kf3 Qd5+ 46. Kf2 e5
47. Rh7 e4 48. Qf4 e3+ 49. Kf1 Qd8 50. Qe5+ Kf8 1-0

[Event "22. Torneo San Viator"]
[Site "Madrid ESP"]
[Date "2014.06.01"]
[Round "9.45"]
[White "Sarabia Utrilla, Joaquin"]
[Black "Vicioso Barbadillo, Juan J"]
[Result "1/2-1/2"]
[WhiteElo "1778"]
[BlackElo "1399"]
[PlyCount "179"]
[EventDate "2014.03.23"]
[EventType "swiss"]
[EventRounds "9"]
[EventCountry "ESP"]
[SourceTitle "Ajedrez en Madrid"]
[Source "lmi"]
[SourceDate "2014.03.23"]
[SourceVersion "1"]
[SourceVersionDate "2014.07.21"]
[SourceQuality "1"]

1. d4 d5 2. c4 Nf6 3. Nc3 e6 4. Nf3 c5 5. cxd5 Nxd5 6. e4 Nxc3 7. bxc3 Nc6 8.
Be2 cxd4 9. cxd4 Bb4+ 10. Bd2 Bxd2+ 11. Qxd2 O-O 12. O-O b6 13. Rac1 Bb7 14. d5
exd5 15. exd5 Ne7 16. d6 Nd5 17. Bc4 Qxd6 18. Rcd1 Rfd8 19. Rfe1 g6 20. Re5
Rac8 21. Bxd5 Bxd5 22. Rxd5 Qxd5 23. h3 Qxd2 24. Rxd2 Rc1+ 25. Kh2 Rxd2 26.
Nxd2 Rc2 27. Ne4 Rxa2 28. Kg3 Ra3+ 29. Kf4 Kg7 30. Nd6 Ra4+ 31. Ke3 a5 32. Ne8+
Kf8 33. Nf6 h5 34. Nd7+ Ke7 35. Nxb6 Ra3+ 36. Ke4 f5+ 37. Kf4 Rd3 38. Kg5 Rd6
39. Nc4 a4 40. f4 Re6 41. g4 hxg4 42. hxg4 fxg4 43. Kxg4 Re4 44. Na3 Kf6 45.
Nb5 Re1 46. Kf3 Rf1+ 47. Ke4 Rb1 48. Nc3 Rb4+ 49. Kd5 Rxf4 50. Kc5 g5 51. Nd5+
Kf5 52. Ne3+ Ke4 53. Nc2 Rf5+ 54. Kb4 g4 55. Kxa4 Rc5 56. Ne1 Rc4+ 57. Kb3 Rc1
58. Ng2 g3 59. Kb2 Rg1 60. Nh4 Kf4 61. Kc3 Kg4 62. Ng6 g2 63. Ne5+ Kf5 64. Nf3
Rf1 65. Nh4+ Kg4 66. Nxg2 Rf3+ 67. Kd4 Kg3 68. Ne3 Rf4+ 69. Ke5 Kf3 70. Nf5
Re4+ 71. Kd5 Kf4 72. Nd6 Re5+ 73. Kd4 Re3 74. Nc4 Re4+ 75. Kd5 Re1 76. Nd6 Rd1+
77. Ke6 Re1+ 78. Kd5 Re5+ 79. Kd4 Rg5 80. Ne4 Rf5 81. Nd6 Rf6 82. Ne4 Rf8 83.
Nc3 Rd8+ 84. Nd5+ Kf5 85. Kc4 Ke5 86. Ne7 Rd4+ 87. Kc5 Rd7 88. Nc6+ Ke6 89.
Nd4+ Rxd4 90. Kxd4 1/2-1/2

[Event "22. Torneo San Viator"]
[Site "Madrid ESP"]
[Date "2014.06.01"]
[Round "9.46"]
[White "Gallego Romero, Manuel"]
[Black "Cuerda Montagud, Tomas"]
[Result "1-0"]
[WhiteElo "1531"]
[BlackElo "1342"]
[PlyCount "79"]
[EventDate "2014.03.23"]
[EventType "swiss"]
[EventRounds "9"]
[EventCountry "ESP"]
[SourceTitle "Ajedrez en Madrid"]
[Source "lmi"]
[SourceDate "2014.03.23"]
[SourceVersion "1"]
[SourceVersionDate "2014.07.21"]
[SourceQuality "1"]

1. e4 e6 2. d4 d5 3. Nc3 Nf6 4. e5 Nfd7 5. f4 c5 6. Nf3 Nc6 7. Ne2 Be7 8. c3 f6
9. Ng3 fxe5 10. fxe5 O-O 11. Bd3 c4 12. Bc2 Rf7 13. Be3 Nf8 14. Qd2 h6 15.
O-O-O b5 16. Bxh6 b4 17. Bxg7 bxc3 18. Qh6 Rxg7 19. Nh5 Bg5+ 20. Nxg5 Qxg5+ 21.
Qxg5 Rxg5 22. Nf6+ Kf7 23. bxc3 Rxg2 24. Rdg1 Rxg1+ 25. Rxg1 a6 26. h4 Nb8 27.
h5 Nbd7 28. Ng4 Nxe5 29. Nxe5+ Ke8 30. Rg7 Rb8 31. Bg6+ Nxg6 32. Rg8+ Nf8 33.
Ng6 Kf7 34. Rxf8+ Kg7 35. Re8 Kh6 36. Rh8+ Kg5 37. Ne7 Rb7 38. Nxc8 Rb8 39. h6
Kg6 40. Ne7+ 1-0

[Event "22. Torneo San Viator"]
[Site "Madrid ESP"]
[Date "2014.06.01"]
[Round "9.47"]
[White "Bermejo Jimenez, Adolfo"]
[Black "Jimenez Perez, Federico"]
[Result "0-1"]
[WhiteElo "1442"]
[BlackElo "1301"]
[PlyCount "74"]
[EventDate "2014.03.23"]
[EventType "swiss"]
[EventRounds "9"]
[EventCountry "ESP"]
[SourceTitle "Ajedrez en Madrid"]
[Source "lmi"]
[SourceDate "2014.03.23"]
[SourceVersion "1"]
[SourceVersionDate "2014.07.21"]
[SourceQuality "1"]

1. e4 c5 2. Nc3 d6 3. Bb5+ Bd7 4. Bxd7+ Qxd7 5. Nf3 Nc6 6. d3 e6 7. b3 Be7 8.
O-O Bf6 9. Bb2 Nge7 10. Rb1 O-O 11. Re1 Ng6 12. Ne2 Bxb2 13. Rxb2 e5 14. c3 a5
15. Rd2 Rad8 16. d4 Qg4 17. d5 Nce7 18. Qc2 Nf4 19. Nxf4 Qxf4 20. Qd3 Ng6 21.
h3 Qh6 22. Qb5 Nh4 23. Rd3 f5 24. Nxh4 Qxh4 25. Rg3 fxe4 26. Qxa5 Qf4 27. Re2
Rd7 28. Qa4 Rdf7 29. Rg4 Qc1+ 30. Kh2 e3 31. fxe3 Rf1 32. Qd7 R1f7 33. Qxd6 Qf1
34. Rb2 Qe1 35. Rc2 Qxe3 36. Rc4 Qd3 37. Re2 Kh8 0-1

[Event "22. Torneo San Viator"]
[Site "Madrid ESP"]
[Date "2014.06.01"]
[Round "9.49"]
[White "Jimenez Sanchez, Juan Daniel"]
[Black "Rufo Yebra, Benito"]
[Result "1-0"]
[WhiteElo "1367"]
[BlackElo "1572"]
[PlyCount "47"]
[EventDate "2014.03.23"]
[EventType "swiss"]
[EventRounds "9"]
[EventCountry "ESP"]
[SourceTitle "Ajedrez en Madrid"]
[Source "lmi"]
[SourceDate "2014.03.23"]
[SourceVersion "1"]
[SourceVersionDate "2014.07.21"]
[SourceQuality "1"]

1. d4 d6 2. c4 Nf6 3. g3 Nc6 4. Bg2 Bd7 5. Nf3 h6 6. O-O d5 7. Nbd2 Bf5 8. Ne5
Nxd4 9. cxd5 Nc2 10. e4 Bxe4 11. Nxe4 Nxa1 12. Nxf6+ gxf6 13. Nxf7 Kxf7 14. d6
Qxd6 15. Qh5+ Kg8 16. Bf4 Qb6 17. Bxc7 Qa6 18. Rxa1 Bg7 19. Re1 Kf8 20. Bd5 e6
21. Bxe6 Qxe6 22. Rxe6 Rh7 23. Bd6+ Kg8 24. Re8+ 1-0

[Event "22. Torneo San Viator"]
[Site "Madrid ESP"]
[Date "2014.06.01"]
[Round "9.50"]
[White "Hidalgo Prado, David"]
[Black "Olias Ruiz, Enrique"]
[Result "1/2-1/2"]
[WhiteElo "1448"]
[BlackElo "1209"]
[PlyCount "125"]
[EventDate "2014.03.23"]
[EventType "swiss"]
[EventRounds "9"]
[EventCountry "ESP"]
[SourceTitle "Ajedrez en Madrid"]
[Source "lmi"]
[SourceDate "2014.03.23"]
[SourceVersion "1"]
[SourceVersionDate "2014.07.21"]
[SourceQuality "1"]

1. e4 e5 2. Nf3 Nc6 3. Bb5 Nf6 4. Qe2 Qe7 5. c3 a6 6. Ba4 b5 7. Bc2 h6 8. d3 d6
9. h3 g6 10. Be3 Bg7 11. Nbd2 Qe6 12. Bb3 Qe7 13. Nf1 O-O 14. Qd2 Kh7 15. g4
Nd7 16. Ng3 Nc5 17. Bc2 Qf6 18. Ke2 a5 19. g5 Qe6 20. gxh6 Bf6 21. Bg5 Rh8 22.
Bxf6 Qxf6 23. d4 Ne6 24. d5 Nf4+ 25. Kd1 Ne7 26. Ng1 g5 27. Kc1 Kxh6 28. f3 Kg6
29. b3 Bd7 30. Bd1 Bxh3 31. Be2 Bg2 32. Rxh8 Rxh8 33. Bxb5 Rh2 34. Bd7 Qh8 35.
Qe3 Qh4 36. N1e2 Nxe2+ 37. Nxe2 Rh1+ 38. Kb2 Rxa1 39. Kxa1 Qh1+ 40. Kb2 Bxf3
41. Bf5+ Kf6 42. Ka3 Qg2 43. Ng1 Bd1 44. Nh3 Nxf5 45. exf5 Bc2 46. Nf2 Bb1 47.
Kb2 Bxf5 48. c4 g4 49. Kc3 g3 50. Qh6+ Bg6 51. Qh4+ Kg7 52. Ng4 Qf3+ 53. Kb2
Qe2+ 54. Ka3 Kf8 55. Qd8+ Kg7 56. Qf6+ Kf8 57. Qd8+ Kg7 58. Qf6+ Kh7 59. Qh4+
Kg8 60. Qd8+ Kh7 61. Qh4+ Kg8 62. Qd8+ Kg7 63. Qf6+ 1/2-1/2